000 00448nam a2200169 a 4500
001 000008760
005 20200929161413.0
008 090918s2007 dr 001 0 spa d
040 _aDO-SdBNP
_bspa
_cBNPHU
082 _axxxx
_bC215v
245 0 0 _aCancionero vocacional :.
250 _a15a. ed.
260 _aSanto Domingo :
_bMSC
_bAmigo del Hogar,
_c2007.
300 _a320 P. ;
_c16 cm.
500 _aCon plegarias eucarísticas
049 _aBNPD
999 _c8529
_d8529